01152cam a2200241 45000010005000000030008000050050017000130080040000300350018000700400038000880410008001260820020001341000050001542450096002042600059003003000039003595000337003985040020007356500051007556500046008067000019008527400039008718386BD-RjUL20211208234559.0140118s1962 njua bis 00110 engm a(BD-RjUL)8431 aDLCcDLCdm.c.dBOSdBD-RjULbeng aeng a519.5bGRG 19621 aGreenwood, J. Arthurq(Joseph Arthur),d1926-10aGuide to tables in mathematical statistics /c[by] J. Arthur Greenwood [and] H. O. Hartley. aPrinceton, N.J. :bPrinceton University Press,cc1962. alxii, 1014 p. :bdiagrs. ;c27 cm. a"A sequel to the guides to mathematical tables produced by and for the Committee on Mathematical Tables and Aids to Computation of the National Academy of Sciences-National Research Council of the United States, viz: number theory (D. H. Lehmer 1941); Bessel functions (Bateman & Archibald 1944); elliptic functions (Fletcher 1948)" aIncludes Index. 0aMathematical statisticsxTablesxBibliography. 0aMathematical statisticsxTablesxIndexes.1 aHartley, H. O.0 aTables in mathematical statistics.